000 00243nam a2200097Ia 4500
001 711362
005 20250826162806.0
008 250824s9999 xx 000 0 und d
245 0 _aASLAN PARÇASI ÇANAKKALE
_cDURAN ÇETİN
260 _bATLIKARINCA
999 _c711362
_d711362